000 00533nam a2200181Ia 4500
999 _c14580
_d14580
003 OSt
005 20201022113454.0
008 190216s9999||||xx |||||||||||||| ||und||
020 _a9788176257275
040 _coclc
082 _a891.40936
_bRAJ/G
100 _aRajakrishnan, V
_95309
245 4 _aThe Green Symphony /
_cV Rajakrishnan ; Ujjwal Jana
260 _bSarup Book Publishers ,
_c2011.
_aNew Delhi:
300 _a161p
650 _aEnglish
942 _cBK
_2ddc
_h891.40936
_iRAJ/G
_k891.40936
_mRAJ/G